Дело о неудовлетворении Дирекцией просьбы иностранки Приори

Доступно только в Электронных читальных залах Найти на картеНа карте
RUSMARC
00006136nmc2a22000003x 450
001d6ec54f5-50d9-4206-9154-584a2b67765c
00520190606103810.0
100##$a20161209l18091810k l0rusy0189 ca
1010#$arus
102##$aRU
2001#$aДело о неудовлетворении Дирекцией просьбы иностранки Приори
$j4 октября 1809 г. - 4 февраля 1810 г.
251##$cДело
300##$aДело
300##$aОриг. заголовок дела: Дело о неудовлетворении иностранки Приори деньгами, причитающихся её умершей дочери из Дирекции. 4 октября 1809 г. - 4 февраля 1810 г
801#0$aRU
$bРГИА
$c20161209
$gRCR
801#1$aRU
$bГлавНИВЦ
$c20161209
$2rusmarc
801#2$aRU
$bПБ им. Б.Н. Ельцина
$c20180928
$gRCR
$2rusmarc
850##$aРГИА
852##$aРГИА
$eФедеральное казенное учреждение "Российский государственный исторический архив" (РГИА)
$j174
937##$hРГИА
$d12233993
$aASBIBLIO_SCAN
462#0$1001dd3991dc-24e1-42ec-8838-ca4255420416
$12001
$a1746-1850 гг.
$1251
$cОпись
$1852
$j1
461#0$10019264ebf8-de62-4f1a-9eb4-9f22098dbbd5
$12001
$aДирекция императорских театров МИДв
$1251
$cФонд
$1852
$j497
215##$a9 л.
$d36,5х26 см
371##$aДокумент не является опубликованным и широко распространяемым
105##$ay###
1222#$ad
5171#$aДело о неудовлетворении иностранки Приори деньгами, причитающихся её умершей дочери из Дирекции. 4 октября 1809 г. - 4 февраля 1810 г
035##$ad6ec54f5-50d9-4206-9154-584a2b67765c
856##$uhttp://readingroom.main.prlib.ru/item.aspx?id_node=n118723855&mode=full
600#1$2prlib_sh
$3LIBNET\UAF\0000079349
$aНарышкин
$gАлександр Львович
$bА.Л.
$f1770-1826
$jДокументы и материалы
600#1$aГолицын
$bА. Н.
$gАлександр Николаевич
$f1773-1844
$jДокументы и материалы
$2nlr_sh
$3RU\NLR\AUTH\6601572089
60101$2prlib_sh
$3LIBNET\UAF\0000080151
$aРоссия
$bДирекция императорских театров
$xДеятельность
$jДокументы и материалы
6061#$2nlr_sh1
$3RU\NLR\AUTH\661073460
$aТеатральные работники
$xОплата труда
$jДокументы и материалы
605##$2acquisition_Prlib
$3LIBNET\UAF\0000080478
$aГод театра в России
$lколлекция
605##$2acquisition_Prlib
$3DITM\AF\0000004166
$aРоссия в лицах
$lколлекция
686##$2rubbk
$a63.3(2)521.1-7
$vLBC/M
686##$a85.33
$vLBC/M
$2rubbk
Формат отображения